000
00280nam a2200109Ia 4500
008
240624s9999 xx 000 0 und d
041
_a
eng
082
_a
340 MUK
100
_a
MUKHERJEE D D
245
_a
CREDIT MONITORING LEGAL ASPECTS AND RECO
260
_c
2013
_a
Mumbai
_b
Snow White
999
_c
22938
_d
22938